LEADER 02952nam 2200673Ia 450 001 9910972601303321 005 20251116231751.0 010 $a9786611814298 010 $a9781281814296 010 $a1281814296 010 $a9780567298461 010 $a0567298469 035 $a(CKB)1000000000542248 035 $a(EBL)436340 035 $a(OCoLC)276360597 035 $a(SSID)ssj0000168760 035 $a(PQKBManifestationID)12047182 035 $a(PQKBTitleCode)TC0000168760 035 $a(PQKBWorkID)10192853 035 $a(PQKB)10773127 035 $a(MiAaPQ)EBC436340 035 $a(Au-PeEL)EBL436340 035 $a(CaPaEBR)ebr10250957 035 $a(CaONFJC)MIL181429 035 $a(OCoLC)893334103 035 $a(Perlego)803366 035 $a(iGPub)BLOM0007675 035 $a(EXLCZ)991000000000542248 100 $a19990125d1999 uy 0 101 0 $aeng 135 $aur|n|---||||| 181 $ctxt 182 $cc 183 $acr 200 10$aHannah's desire, God's design $eearly interpretations of the story of Hannah /$fJoan E. Cook 210 $aSheffield, England $cSheffield Academic Press$dc1999 215 $a1 online resource (137 p.) 225 1 $aJournal for the study of the Old Testament. Supplement series ;$v282 300 $aDescription based upon print version of record. 311 08$a9781850759096 311 08$a185075909X 320 $aIncludes bibliographical references and indexes. 327 $aContents; Acknowledgments; Abbreviations; Chapter 1 INTRODUCTION; Chapter 2 HANNAH IN 1 SAMUEL; Chapter 3 PSEUDO-PHILO'S STORY OF HANNAH IN BIBLICAL ANTIQUITIES; Chapter 4 THE SONG OF HANNAH IN TARGUM OF THE PROPHETS; Chapter 5 LUKE'S INFANCY NARRATIVE; Chapter 6 DESIRE AND DESIGN; Bibliography; Index of References; Index of Authors 330 $aThis study analyses the biblical personage Hannah as a literary entity, to illustrate her uniquely significant place in the traditions of Israel as the mother of Samuel and thus of the reform of the priesthood, the creation of the monarchy, and the teacher of all Israel. There are three interweaving themes: first, the literary issue of the barren mother type scene; second, the theological theme of divine guidance and human initiative; and third, the perspectives of early biblical interpretation. The study develops around four works: the Hannah narrative in 1 Samuel 1-2, Pseudo-Philo's Biblical 410 0$aJournal for the study of the Old Testament.$pSupplement series ;$v282. 606 $aWomen in the Bible 606 $aChildlessness in the Bible 615 0$aWomen in the Bible. 615 0$aChildlessness in the Bible. 676 $a221.92 676 $a222.4092 700 $aCook$b Joan E$0956550 801 0$bMiAaPQ 801 1$bMiAaPQ 801 2$bMiAaPQ 906 $aBOOK 912 $a9910972601303321 996 $aHannah's desire, God's design$94551280 997 $aUNINA